SANUSI : (Record no. 27032)

MARC details
000 -LEADER
fixed length control field 00820nam a2200265 n 4500
001 - CONTROL NUMBER
control field C2-0109095
003 - CONTROL NUMBER IDENTIFIER
control field PPAK
005 - DATE AND TIME OF LATEST TRANSACTION
control field 20230717105535.0
008 - FIXED-LENGTH DATA ELEMENTS--GENERAL INFORMATION
fixed length control field 970619s1991 my a g | 1 may d
020 ## - INTERNATIONAL STANDARD BOOK NUMBER
Qualifying information paperback
040 ## - CATALOGING SOURCE
Original cataloging agency PPAK
Language of cataloging eng
Transcribing agency PPAK
Description conventions rda
082 04 - DEWEY DECIMAL CLASSIFICATION NUMBER
Edition number 23
Classification number 923.2595
090 20 - LOCALLY ASSIGNED LC-TYPE CALL NUMBER (OCLC); LOCAL CALL NUMBER (RLIN)
Classification number (OCLC) (R) ; Classification number, CALL (RLIN) (NR) 923.2595
Feature heading AZI
Feature heading KK
Classification number (OCLC) (R) ; Classification number, CALL (RLIN) (NR) 923.2595
Feature heading AZI
Feature heading KMI
Classification number (OCLC) (R) ; Classification number, CALL (RLIN) (NR) 923.2595
Feature heading AZI
Feature heading KWS
100 0# - MAIN ENTRY--PERSONAL NAME
Personal name Aziz Zariza Ahmad,
Relator term author.
245 10 - TITLE STATEMENT
Title SANUSI :
Remainder of title SETIAP SUDUT ADALAH KEPUTUSAN /
Statement of responsibility, etc. aziz zariza ahmad
264 #1 - PRODUCTION, PUBLICATION, DISTRIBUTION, MANUFACTURE, AND COPYRIGHT NOTICE
Place of production, publication, distribution, manufacture [Kuala Lumpur] :
Name of producer, publisher, distributor, manufacturer Firma Malaysia Publishing,
Date of production, publication, distribution, manufacture, or copyright notice 1991
300 ## - PHYSICAL DESCRIPTION
Extent [329] pages :
Other physical details illustrations ;
Dimensions 22 cm
336 ## - CONTENT TYPE
Source rdacontent
Content type term text
337 ## - MEDIA TYPE
Source rdamedia
Media type term unmediated
338 ## - CARRIER TYPE
Source rdacarrier
Carrier type term volume
650 10 - SUBJECT ADDED ENTRY--TOPICAL TERM
Topical term or geographic name entry element Politicians
Form subdivision Biography
Geographic subdivision Malaysia
942 ## - ADDED ENTRY ELEMENTS (KOHA)
Koha item type Book
Source of classification or shelving scheme Dewey Decimal Classification
Holdings
Withdrawn Not for loan Current library Shelving location Date acquired Full call number Barcode Date last seen Koha item type Total Checkouts
  Not For Loan Perpustakaan Alor Setar Koleksi Kedah 21/07/1998 KK 923.2595 AZI A00152612 08/05/2018 Book  
  Not For Loan Perpustakaan Alor Setar Koleksi Kedah 21/07/1998 KK 923.2595 AZI A00153220 08/05/2018 Book  
  Not For Loan Perpustakaan Alor Setar Koleksi Prof. Dr. Muhammad Isa Othman 25/05/2011 KMI 923.2595 AZI A00383081 08/05/2018 Book  
  Not For Loan Perpustakaan Alor Setar Koleksi Wan Shamsudin 12/09/2023 KWS 923.2595 AZI KWS000430 12/09/2023 Book  
  Not For Loan Perpustakaan Alor Setar Koleksi Halim R 13/10/2025 KHR 923.2595 AZI A00501524 13/10/2025 Book